Horse Knowledge Quiz Stats

 Plays Quiz not verified by Sporcle

Support Sporcle.
Go Orange.
Score 0/10 Timer 07:00
0 Plays Today
Hint Answer % Correct
What is the max. height for a pony?14.2
86.4%
Which breed of horse was developed by the Nez Perce tribe?Appaloosa
40.9%
Predecessor of the modern horse. Four-toed forefeet and three-toed handset.Eohippus
22.7%
Knights of the Middle Ages rode horses that most closely resembled which modern breed?Percheron
18.2%
The first cloned horse was born in which countryItaly
4.5%
What is the term for a small, shallow indent in the skin, usually on the neck or shoulder?Prophet's thumb
4.5%
How long ago did the first horse emerge?55 million years
0%
What were the origin of the horses that were first re-introduced to North America during the 1500's?Spanish Horses
0%
Which breed was founded in Vienna in 1580?Lipizzaner
0%
The only truly wild horsePrzewalski's horse
0%

You're not logged in!

Compare scores with friends on all Sporcle quizzes.
OR
Log In

From the Vault

New Year's Eve Movies

by Julieb061

New Year's Eve is never as dramatic as they make it in the movies.
Remove Ads.
Support Sporcle.
Get the best of Sporcle when you Go Orange. This ad-free experience offers more features, more stats, and more fun while also helping to support Sporcle. Thank you for becoming a member.

Show Comments

Extras

Created Jan 10, 2016ReportNominate
Tags:horse, US Horse

Top Quizzes Today


Score Distribution

Your Account Isn't Verified!

In order to create a playlist on Sporcle, you need to verify the email address you used during registration. Go to your Sporcle Settings to finish the process.

Report this User

Report this user for behavior that violates our Community Guidelines.

Details: